Minnesota Pro Sports Teams - Statistics

General Stats
  • This quiz has been taken 52 times
  • The average score is 5 of 5
Answer Stats
Hint Answer % Correct
MLB Twins
100%
NFL Vikings
100%
NBA Timberwolves
98%
NHL Wild
98%
WNBA Lynx
75%
No matching quizzes found
Score Distribution
Percent of People with Each Score
Percentile by Number Answered
Your Score History
You have not taken this quiz